00779nam a2200217 a 450000100060000000300080000600500170001400800410003103500190007203500200009104000260011104100080013708200270014510000370017224501100020926000680031930000270038750400500041465000420046465100550050625254BD-RjUL20211209050843.0140316r19601953enk b 001 0 eng d a(BD-RjUL)25323 a(OCoLC)30203141 aBD-RjULbengcBD-RjUL aeng a354.410009031218bELT1 aElton, G. R.q(Geoffrey Rudolph)14aThe Tudor revolution in government :badministrative changes in the reign of Henry VIII /cby G.R. Elton. aCambridge :bCambridge University Press,c1953 [reprinted 1960] axiii, 466 p. ;c23 cm. aIncludes bibliographical footnotes and index. 0aAdministrative lawzEnglandxHistory. 0aGreat BritainxPolitics and governmenty1509-1547.